| 000 | 00476nam a22001817a 4500 | ||
|---|---|---|---|
| 003 | OSt | ||
| 005 | 20180116183006.0 | ||
| 008 | 150806b xxu||||| |||| 00| 0 eng d | ||
| 020 | _a9788131519783 | ||
| 040 | _c0 | ||
| 082 |
_28th _a657 NOR 2013 |
||
| 100 | _aNorton Porter | ||
| 245 |
_aIntroduction to Financial Accounting _cNorton Porter |
||
| 260 |
_aIndia _bCengage _c2013 |
||
| 300 |
_a764 p. _bPB |
||
| 440 | _aIntroduction to Financial Accounting | ||
| 942 |
_2ddc _cBK |
||
| 999 |
_c350073 _d350073 |
||